00959nas a2200241Ia 4500001001100000003000900011008004100020040001300061040001300074041001300087100003800100210001000138222001000148245007700158250001100235260003100246501008600277300001000363310001200373362003500385500026000420650003700680R308/46436IT-RoPAU151124c99999999xx |||||||||||| ||und|| aIT-RoPAU cIT-RoPAU aITALIANO aAA.VV. gCodice Aut. SPICS: 12000 aLINUS aLinus aLINUS, ANNO 12-N.12 (DICEMBRE 1976)bLinus, Anno 12-N.12 (Dicembre 1976) a1a ed. aMILANObMILANO LIBRIc1976 bPaulus - SPICS - Società San Paolo EM (non-commercial uses only)cCopyright2015 a98 p. aMENSILE aANNO 012, N.12 (DICEMBRE 1976) aPeanuts di C. Shulz. Naugatuck 1757 di S. Toppi. La Pagina dei Frustrati di C. Bretecher.Colombo di Altan. Il Dottor Rigolo di T. Pericoli e E. Pirella. Lucca 12. L'Amica dei Beat di O. del Buono. Feiffer. Crock di B. Rechine B. Parker. Beetle Bailey di M aFUMETTOvPUBBLICAZIONE PERIODICA